Engineering Mechanics: Dynamics (Record no. 589936)

000 -LEADER
fixed length control field 00375nam a22001457a 4500
020 ## - INTERNATIONAL STANDARD BOOK NUMBER
International Standard Book Number 9781292088723
040 ## - CATALOGING SOURCE
Transcribing agency NUST
082 ## - DEWEY DECIMAL CLASSIFICATION NUMBER
Classification number 620.1054 HIB
100 ## - MAIN ENTRY--PERSONAL NAME
Personal name Hibbeler R. C.
245 ## - TITLE STATEMENT
Title Engineering Mechanics: Dynamics
250 ## - EDITION STATEMENT
Edition statement 14th Edition
260 ## - PUBLICATION, DISTRIBUTION, ETC.
Place of publication, distribution, etc. England:
Name of publisher, distributor, etc. Pearson Education,
Date of publication, distribution, etc. 2017.
650 ## - SUBJECT ADDED ENTRY--TOPICAL TERM
Topical term or geographic name entry element Engineering Mechanics Dynamics
9 (RLIN) 3079
942 ## - ADDED ENTRY ELEMENTS (KOHA)
Source of classification or shelving scheme
Koha item type Book
Holdings
Withdrawn status Lost status Source of classification or shelving scheme Damaged status Not for loan Permanent Location Current Location Shelving location Date acquired Total Checkouts Full call number Barcode Date last seen Price effective from Koha item type
          College of Electrical & Mechanical Engineering (CEME) College of Electrical & Mechanical Engineering (CEME) General Stacks 05/24/2022   620.1054 HIB CEME-30010 05/24/2022 05/24/2022 Book
© 2023 Central Library, National University of Sciences and Technology. All Rights Reserved.